200+ Post-War English League Goalscorers - Statistics

General Stats
  • This quiz has been taken 216 times
  • The average score is 4 of 10
Answer Stats
Goals Player Years % Correct
283 Alan Shearer 1988-2006
89%
208 Wayne Rooney 2002-2018
88%
357 Jimmy Greaves 1957–1971
56%
232 Ian Rush 1980-1998
51%
210 Geoff Hurst 1959-1975
37%
201 Denis Law 1960-1974
34%
255 Nat Lofthouse 1946-1960
17%
214 Tony Cottee 1982-2000
9%
208 Ronnie Allen 1950-1961
5%
222 David Herd 1954-1970
1%
No matching quizzes found
Score Distribution
Percent of People with Each Score
Percentile by Number Answered
Your Score History
You have not taken this quiz